Đến với thơ Nguyễn Khuyến

.

Gardado en:
Detalles Bibliográficos
Autor Principal: Ngô Viết Dinh
Formato: Libro
Idioma:Vietnamese
Publicado: H. Nxb. Thanh Niên 2001
Những chủ đề:
Các nhãn: Engadir etiqueta
Sen Etiquetas, Sexa o primeiro en etiquetar este rexistro!
Thư viện lưu trữ: Mạng thư viện Đại học Đà Nẵng
LEADER 00760nam a2200301 4500
001 000004423
003 562
005 20121211001229.0
008 110720s2001 viesd
020 |c 110000 
041 0 |a vie 
082 |a 895.9221  |b DEN 
100 0 |a Ngô Viết Dinh 
245 0 |a Đến với thơ Nguyễn Khuyến  |c Ngô Viết Dinh (chọn và b.tập) 
260 |a H.  |b Nxb. Thanh Niên  |c 2001 
300 |a 891tr  |c 19cm 
520 |a . 
653 |a Nguyễn Khuyến 
653 |a Tác giả 
910 |d 20/07/2011 
OWN |a LSP 
999 |a From the UDN01 
TYP |a Monograph 
TYP |a Printed language 
980 |a Mạng thư viện Đại học Đà Nẵng